Machine design : (Record no. 9183)
[ view plain ]
| 000 -LEADER | |
|---|---|
| fixed length control field | 00959nam a22002895a 4500 |
| 006 - FIXED-LENGTH DATA ELEMENTS--ADDITIONAL MATERIAL CHARACTERISTICS--GENERAL INFORMATION | |
| fixed length control field | m||||f ||z 00| 0 |
| 008 - FIXED-LENGTH DATA ELEMENTS--GENERAL INFORMATION | |
| fixed length control field | 150805s2006 NJ a|||fr|||| 001 0 eng d |
| 010 ## - LIBRARY OF CONGRESS CONTROL NUMBER | |
| LC control number | 2005045847 |
| 020 ## - INTERNATIONAL STANDARD BOOK NUMBER | |
| International Standard Book Number | 0132020122 |
| 020 ## - INTERNATIONAL STANDARD BOOK NUMBER | |
| International Standard Book Number | 9780132020121 |
| 040 ## - CATALOGING SOURCE | |
| Original cataloging agency | EG-ScBUE |
| Language of cataloging | eng |
| Transcribing agency | EG-ScBUE |
| 082 04 - DEWEY DECIMAL CLASSIFICATION NUMBER | |
| Classification number | 621.815 |
| Item number | NOR |
| Edition number | 22 |
| 100 1# - MAIN ENTRY--PERSONAL NAME | |
| Personal name | Norton, Robert L. |
| 245 10 - TITLE STATEMENT | |
| Title | Machine design : |
| Remainder of title | an integrated approach / |
| Statement of responsibility, etc | Robert L. Norton, |
| 250 ## - EDITION STATEMENT | |
| Edition statement | 3rd ed. |
| 260 ## - PUBLICATION, DISTRIBUTION, ETC. (IMPRINT) | |
| Place of publication, distribution, etc | Upper Saddle River, N.J : |
| Name of publisher, distributor, etc | Pearson Prentice Hall &Pearson Education, Inc. , |
| Date of publication, distribution, etc | c. 2006. |
| 300 ## - PHYSICAL DESCRIPTION | |
| Extent | xxiv, 984 p. : |
| Other physical details | ill. ( some col.) ; |
| Dimensions | 27 cm. + |
| Accompanying material | + 1 CD-ROM (4 3/4 in.) |
| 500 ## - GENERAL NOTE | |
| General note | Appendix : p. 939-972. |
| 500 ## - GENERAL NOTE | |
| General note | Index : p. 973-983. |
| 504 ## - BIBLIOGRAPHY, ETC. NOTE | |
| Bibliography, etc | Includes bibliographical references. |
| 590 ## - LOCAL NOTE (RLIN) | |
| Local note | Menna ELEMAM |
| 650 #0 - SUBJECT ADDED ENTRY--TOPICAL TERM | |
| Topical term or geographic name as entry element | Machine design. |
| Source of heading or term | BUEsh |
| 651 ## - SUBJECT ADDED ENTRY--GEOGRAPHIC NAME | |
| Source of heading or term | BUEsh |
| 653 ## - INDEX TERM--UNCONTROLLED | |
| Resource For college | Engineering, Mechanical |
| Arrived date list | August2015 |
| 655 ## - INDEX TERM--GENRE/FORM | |
| Form subdivision | |
| -- | 34232 |
| 942 ## - ADDED ENTRY ELEMENTS (KOHA) | |
| Item type | Book - Borrowing |
| Call number prefix | 621.815 NOR |
| Source of classification or shelving scheme | Dewey Decimal Classification |
| Withdrawn status | Item status | Source of classification or shelving scheme | Damaged status | Not for loan | Home library | Current library | Shelving location | Date acquired | Source of acquisition | Total Checkouts | Total Renewals | Full call number | Barcode | Date last seen | Date last borrowed | Koha item type | Vendor |
|---|---|---|---|---|---|---|---|---|---|---|---|---|---|---|---|---|---|
| Dewey Decimal Classification | Central Library | Central Library | First floor | 17/04/2008 | Purchase | 13 | 57 | 621.815 NOR | 000011265 | 15/07/2025 | 19/02/2019 | Book - Borrowing | |||||
| Dewey Decimal Classification | Central Library | Central Library | First floor | 10/06/2009 | 621.815 NOR | 000016796 | 24/08/2022 | CD | DVD - With book | |||||||||
| Dewey Decimal Classification | Central Library | Central Library | First floor | 10/06/2009 | 621.815 NOR | 000016795 | 24/08/2022 | CD | DVD - With book | |||||||||
| Dewey Decimal Classification | Central Library | Central Library | First floor | 10/06/2009 | 1 | 621.815 NOR | 000016794 | 24/08/2022 | 21/03/2011 | CD | DVD - With book | |||||||
| Dewey Decimal Classification | Central Library | Central Library | First floor | 11/07/2011 | 621.815 NOR | 000010767 | 24/08/2022 | CD | DVD - With book (NB) | |||||||||
| Dewey Decimal Classification | Central Library | Central Library | First floor | 11/07/2011 | 9 | 40 | 621.815 NOR | 000016400 | 15/07/2025 | 11/04/2017 | Book - Borrowing | ||||||
| Dewey Decimal Classification | Central Library | Central Library | First floor | 11/07/2011 | 8 | 69 | 621.815 NOR | 000004539 | 15/07/2025 | 24/09/2018 | Book - Borrowing | ||||||
| Dewey Decimal Classification | Central Library | Central Library | First floor | 11/07/2011 | 10 | 24 | 621.815 NOR | 000010147 | 15/07/2025 | 06/04/2025 | Book - Borrowing |